000 01155cam a2200253 4500
001 ABS62269
008 000000n2000 000 0 eng u
035 _a(Sirsi) u106178
100 _aWilliams, A.
245 2 _aA move in the right direction?
260 _c2000
490 _aArchitects' Journal
_v211(18) 11 May 2000, 34-35(2)
520 _aDescribes the Movement for Innovation (M4I) which was established to bring about a radical improvement in the way in which the construction industry and its clients work together. M4I involves an assessment of a construction project, or part of the scheme process, to see whether established ways of working can be improved. Sets out the checklist of performance indicators, known as 5/4/7 and defines each element. Includes a glossary of terms used by M4I with definitions.
590 _aABS
650 _aMOVEMENT FOR INNOVATION
650 _aCLIENTS
650 _aLATHAM REFORMS
650 _aCONSTRUCTION TASK FORCE
650 _aKEY PERFORMANCE INDICATORS
650 _aCONSTRUCTION BEST PRACTICE PROGRAMME
650 _aLEAN CONSTRUCTION
690 _aBUILT ENVIRONMENT
942 _n0
999 _c63609
_d63609